| 000 | 00870nam a2200241 a 4500 | ||
|---|---|---|---|
| 001 | 000007961 | ||
| 005 | 20240307073944.0 | ||
| 008 | 090914s1998 dr a 000 0 spa d | ||
| 020 | _a8484002969 | ||
| 040 | _aDO-SdBNP | ||
| 082 |
_a697.92 _bM843v |
||
| 100 | 1 |
_aMoreno San Juan, José Luis _92397 |
|
| 245 | 1 | 3 |
_aLa ventilación en las edificaciones / _cJosé Luis Moreno San Juan. |
| 260 |
_aSanto Domingo : _bTaller, _c1998. |
||
| 300 |
_a280 p. : _bil. ; _c27 cm. |
||
| 500 | _aIncluye datos bibliografícos | ||
| 500 | _aA la cabeza de la portada : Facultad de Ingeniería y Arquitectura de la UASD | ||
| 590 | _aInventariado, 2018/ YL | ||
| 650 | 4 |
_aVentilación _xDiseño y construcción _921778 |
|
| 650 | 4 |
_aEdificios _xDiseño y construcción _921779 |
|
| 710 | 1 |
_aUniversidad Autónoma de Santo Domingo _972951 |
|
| 910 | _aValidado. Control de calidad MFF | ||
| 999 |
_c7739 _d7739 |
||